Southville International School and Colleges
Your cart is empty.
  • Cart
  • Lists
    Public lists Eva Luna New books Lux_list list_1
    Your lists Log in to create your own lists
  • Log in to your account
  • Your cookies
  • Search history
Southville International School and Colleges
  • Advanced search
  • Recent comments
  • Most popular
  • Libraries

Log in to your account

Log in with GOOGLE


If you do not have an external account, but do have a local account, you can still log in:

  1. Home
  2. MARC view: The First adventures on differential geometry :
Normal view MARC view ISBD view

The First adventures on differential geometry : (Record no. 367808)

[ view plain ]
MARC details
000 -LEADER
fixed length control field 00681nam a22001937a 4500
003 - CONTROL NUMBER IDENTIFIER
control field 0
005 - DATE AND TIME OF LATEST TRANSACTION
control field 20250908082843.0
008 - FIXED-LENGTH DATA ELEMENTS--GENERAL INFORMATION
fixed length control field 250908b xxu||||| |||| 00| 0 eng d
020 ## - INTERNATIONAL STANDARD BOOK NUMBER
International Standard Book Number 978-981-12-9617-8
050 ## - LIBRARY OF CONGRESS CALL NUMBER
Classification number QA 641
Item number .L44 2025
100 ## - MAIN ENTRY--PERSONAL NAME
Personal name Lee, Hwee Kuan,
Relator term author.
245 ## - TITLE STATEMENT
Title The First adventures on differential geometry :
Remainder of title a friendly guide for beginners /
Statement of responsibility, etc Lee Hwee Kuan.
260 ## - PUBLICATION, DISTRIBUTION, ETC. (IMPRINT)
Place of publication, distribution, etc Singapore :
Name of publisher, distributor, etc World Scientific Publishing Co. Pte. Ltd.,
Date of publication, distribution, etc 2025.
300 ## - PHYSICAL DESCRIPTION
Extent xiv, 210 pages :
Other physical details illustrations ;
Dimensions 24 cm.
504 ## - BIBLIOGRAPHY, ETC. NOTE
Bibliography, etc Includes bibliographical references and index.
650 ## - SUBJECT ADDED ENTRY--TOPICAL TERM
Topical term or geographic name as entry element Geometry, Differential.
650 ## - SUBJECT ADDED ENTRY--TOPICAL TERM
Topical term or geographic name as entry element Manifolds (Mathematics).
942 ## - ADDED ENTRY ELEMENTS (KOHA)
Source of classification or shelving scheme Library of Congress Classification
Koha item type Books
Holdings
Withdrawn status Lost status Source of classification or shelving scheme Damaged status Home library Current library Shelving location Date acquired Source of acquisition Sub Shelving location Total Checkouts Full call number Barcode Date last seen Price effective from Koha item type
    Library of Congress Classification   College Library College Library Reserve Section 06/04/2025 Library Fund     QA 641 .L44 2025 C24885 09/08/2025 09/08/2025 Books

The First adventures on differential geometry :

APA

Lee H. K., . (2025). The First adventures on differential geometry. Singapore: World Scientific Publishing Co. Pte. Ltd.

Chicago

Lee Hwee Kuan, . 2025. The First adventures on differential geometry. Singapore: World Scientific Publishing Co. Pte. Ltd.

Harvard

Lee H. K., . (2025). The First adventures on differential geometry. Singapore: World Scientific Publishing Co. Pte. Ltd.

MLA

Lee Hwee Kuan, . The First adventures on differential geometry. Singapore: World Scientific Publishing Co. Pte. Ltd. 2025.

  • Place hold
  • Print
  • Cite
  • Add to your cart (remove)
  • Save record
    BIBTEX Dublin Core MARCXML MARC (non-Unicode/MARC-8) MARC (Unicode/UTF-8) MARC (Unicode/UTF-8, Standard) MODS (XML) RIS
  • More searches
    Search for this title in:
    Other Libraries (WorldCat) Other Databases (Google Scholar) Online Stores (Bookfinder.com) Open Library (openlibrary.org)

Exporting to Dublin Core...

SOUTHVILLE LIBRARY

Southville International School and Colleges Library

1281 Tropical Ave. Cor. Luxembourg St., BF Homes International, Las Pinas City

Tel. No. 8256374 / 252358 Loc. 117/146

Powered by Koha